000 00695nam a2200205 a 4500
005 20140412111304.0
008 010327s19uu xx 00 eng d
020 _a0-87120-192-5
050 _aTR(GS 371.1'02
_bM393 1992
100 _aMarzano, Robert J.
245 _aA different kind of classroom :
_bteaching with dimensions of learning /
_cRobert J. Marzano.
260 _aAlexandria, Virginia :
_bASCD,
_c1992.
300 _ax p. ; 191 p.
500 _aIncludes bibliographical reference
650 _aTeaching
650 _aLearning, Psychology of.
650 _aCurriculum planning - United States
650 _aEducational tests and measurements - United States
999 _c103616
_d103616